000 00582nam a2200205Ia 4500
005 20250508164701.0
008 008 250505s9999 xx 000 0 eng d
020 _a78-14129-1791-9
037 _aTextual
040 _aFEDL
_beng
_cFEDL
041 _aeng
_2eng
084 _a907.2, SRE
_qFEDL
100 _aSreedharan E
245 0 _aTextbook of historiography : 500 BC to AD 2000
260 _aNew Delhi, India
_bOrient Blackswan Private Limited
_c2009
300 _axv,570p.
365 _aINR
_b325
942 _cTEXL
_h907.2, SRE
999 _c1390534
_d1390534